00967nam a2200277Ia 450000500170000000800410001702000190005810000350007724500840011225000190019630000510021549000120026652100500027865000510032865000510037965000350043070000270046594200150049226400330050733600270054033700330056733800280060004000350062808400110066399900150067420220317001045.0160825s2007 ck a g 000 0 spa  a978958302390121 aMeneses Claros, Gerardod1966-10aUn amigo para AlejandrocGerardo Meneses Claros ; ilustraciones Patricia Acosta a1a. edición  a52 páginas bilustraciones en color c28 cm  aRayuela aRecomendado para niños a partir de 6 años142LEMBaCuentos infantiles colombianosySiglo XX142LEMBaLiteratura infantil colombianaySiglo XX142LEMBaAmistad en la literatura1 aAcosta, Patricia99728 2loccBKINF aBogotábPanamericanac2007 atextobtxt2rdacontent asin mediaciónbn2rdamedia avolumenbnc2rdacarrier aCO-BoRNBPbspaerdacCO-BoRNBP aC MEN9 c5812d5812